00000000nam##2200000za#4500
0019.633403
003CaOODSP
00520220107103925
007cr |||||||||||
008150407|2006||||xxc|||||o    f|0| 0 fre|d
020 |a0-662-72911-0
040 |aCaOODSP|bfre
043 |an-cn---
0861 |aHP40-11/2006F-PDF
1102 |aCentre de prévention et de contrôle des maladies infectieuses (Canada)
24510|aPoints saillants du Plan canadien de lutte contre la pandémie d'influenza pour le secteur de la santé : |h[ressource électronique]|bpréparation à une pandémie d'influenza : perspective canadienne de la santé
260 |aOttawa - Ontario : |bAgence de santé publique du Canada. |c2006.
300 |a20p.|btableau
590 |a07-16|b2007-04-20
69107|aGrippe|2gcpds
77508|tHighlights from the Canadian Pandemic Influenza Plan for the health sector : |w(CaOODSP)9.688983
7760#|tHighlights from the Canadian Pandemic Influenza Plan for the health sector : |w(CaOODSP)9.668117
7760#|tPoints saillants du Plan canadien de lutte contre la pandémie d'influenza pour le secteur de la santé : |w(CaOODSP)9.668118
85640|ahttp://publications.gc.ca|qPDF|s2858 Ko|uhttps://publications.gc.ca/collections/Collection/HP40-11-2006F.pdf